000 01212cam a22003734a 4500
001 6251658
003 ARRUPE
005 20160425085853.0
008 070713s2007 enkb b 001 0 eng
010 _a 2007021660
015 _aGBA716607
_2bnb
016 7 _a013683766
_2Uk
020 _a1403995168 (pbk. : alk. paper)
020 _a9781403995162 (pbk. : alk. paper)
035 _a(OCoLC)136782622
035 _a(OCoLC)ocn136782622
035 _a(DLC) 2007021660
035 _a(NNC)6251658
040 _aDLC
_cDLC
_dYDX
_dBTCTA
_dBAKER
_dYDXCP
_dUKM
_dNNC
043 _ae-sp---
050 0 0 _aDP269
_b.D83 2007
082 0 0 _a946.081
_222
100 1 _aDurgan, Andrew,
_d1952-
_924079
245 1 4 _aThe Spanish Civil War /
_cAndy Durgan.
260 _aBasingstoke, Hampshire ;
_aNew York :
_bPalgrave Macmillan,
_c2007.
300 _axx, 156 p. :
_bmaps ;
_c22 cm.
490 1 _aStudies in European history
504 _aIncludes bibliographical references (p. 133-148) and index.
651 0 _aSpain
_xHistory
_yCivil War, 1936-1939.
_96199
830 0 _aStudies in European history (Basingstoke, England)
_9896
942 _2lcc
_cMONOGRAPH
948 1 _a20070913
_bc
_crad1
_dMPS
999 _c124697
_d124697